00642nam a2200217 a 450000500170000000800410001701000140005802000270007203500130009903700150011204000180012708200110014510000190015624500750017525000130025026000410026327000500030430000260035450000200038065000240040020090727134517.0020822s2002 ii a b 001 0 eng  aENG-94574 a9788171772179c1290.00 aEN-78107 bDBAD / PUB adplbEnglish  a345.54 aMallick, M.R.  aA.N. Saha criminal reference /cby M.R. Mallick; assisted by R.K. Bag  a6th ed.  aNew Delhi bEastern Law House c2009 a54, Ganesh Chunder Avenue, bKolkattae110013 a8, 2006p. c24cm(Hb)  aIncludes index  aCriminal lawzIndia